| 000 | 00633nam a2200229Ia 4500 | ||
|---|---|---|---|
| 005 | 20250425162548.0 | ||
| 008 | 250425s9999 xx 000 0 und d | ||
| 020 | _a0805353828 | ||
| 041 | _aeng | ||
| 082 | _a005.133 | ||
| 100 | _aPOHL, IRA | ||
| 245 | 0 | _aOBJECT-ORIENTED PROGRAMMING USING C++ | |
| 250 | _aS.E. | ||
| 260 |
_aEstados Unidos _bTHE BENJAMIN / CUMMINGS _c1993 |
||
| 260 | _aREDWOOD CITY | ||
| 300 | _a496 | ||
| 500 | _aTHE BENJAMIN/CUMMINGS SERIES IN OBJECT-ORIENTED SOFTWARE ENGINEERING | ||
| 650 | _aC++ (LENGUAJE DE PROGRAMACION) | ||
| 650 | _aORIENTACION A OBJETOS | ||
| 942 | _c01 | ||
| 010 | _a85746 | ||
| 999 |
_c231779 _d231779 |
||